|
|
|
|
| LEADER |
01522nam a2200301 a 4500 |
| 001 |
194381 |
| 008 |
100111s1997 ii a b 101 0 eng d |
| 010 |
|
|
|a \\\98908808
|
| 020 |
|
|
|a 8173042004
|
| 020 |
|
|
|a 9840514024
|
| 040 |
|
|
|a DLC
|c DLC
|d DLC
|d BD-DhAAL
|
| 082 |
0 |
0 |
|a 320.954
|2 21
|
| 245 |
0 |
0 |
|a Legitimacy and conflict in South Asia /
|c edited by Subrata K. Mitra and Dietmar Rothermund.
|
| 260 |
|
|
|a Delhi :
|b Manohar Publishers & Distributors ;
|a Dhaka :
|b The University Press Ltd.,
|c 1997.
|
| 300 |
|
|
|a viii, 279 p. ;
|c 25 cm.
|
| 490 |
1 |
|
|a South Asian studies / South Asia Institute, New Delhi Branch, Heidelberg University ;
|v no. 31
|
| 500 |
|
|
|a Originally published: 1997.
|
| 500 |
|
|
|a Papers of an International Colloquium on 'Legitimacy and Conflict in South Asia', held at the Internationales Wissenschaftsforum, Heidelberg, on 10-11, February 1995.
|
| 504 |
|
|
|a Includes bibliographical references (p. [252]-264) and index.
|
| 541 |
1 |
|
|e 00008327
|
| 651 |
|
0 |
|a South Asia
|x Politics and government
|v Congresses.
|
| 700 |
1 |
|
|a Mitra, Subrata Kumar,
|d 1949-
|
| 700 |
1 |
|
|a Rothermund, Dietmar,
|d 1933-
|
| 711 |
2 |
|
|a International Colloquium of "Legitimacy and Conflict in South Asia"
|d (1995 :
|c Internationales Wissenschaftsforum)
|
| 830 |
|
0 |
|a South Asian studies ;
|v no. 31.
|
| 852 |
4 |
|
|a Ayesha Abed Library
|j General shelf
|
| 999 |
|
|
|c 6899
|d 6899
|
| 952 |
|
|
|0 0
|1 0
|2 ddc
|4 0
|6 320_954000000000000_LEG_1997
|7 0
|9 7114
|a BRACUL
|b BRACUL
|c GEN
|d 2010-01-12
|l 1
|o 320.954 LEG
|p 3010008327
|r 2014-12-11
|s 2014-12-07
|t 1
|w 2010-01-12
|y BK
|